书目信息 |
| 题名: |
培养出色的女孩
|
|
| 作者: | 尹莉莉 著 | |
| 分册: | ||
| 出版信息: | 哈尔滨 黑龙江科学技术出版社 2015 |
|
| 页数: | 253页 | |
| 开本: | 24cm | |
| 丛书名: | ||
| 单 册: | ||
| 中图分类: | G780 | |
| 科图分类: | ||
| 主题词: | 女性--儿童教育--家庭教育 | |
| 电子资源: | ||
| ISBN: | 978-7-5388-8462-3 | |
| 000 | 00791nam0 2200229 450 | |
| 001 | 012001002708 | |
| 005 | 20131023191527.0 | |
| 010 | @a978-7-5388-8462-3@dCNY29.80 | |
| 100 | @a20160113d2015 em y0chiy50 ea | |
| 101 | 0 | @achi |
| 102 | @aCN@b230000 | |
| 105 | @ay z 000yy | |
| 106 | @ar | |
| 200 | 1 | @a培养出色的女孩@9pei yang chu se de nv hai@b专著@e优秀女孩是这样教出来的@f尹莉莉著 |
| 210 | @a哈尔滨@c黑龙江科学技术出版社@d2015 | |
| 215 | @a253页@d24cm | |
| 330 | @a本书用大量真实的教育事例,展示生活中各种各样的教育细节,分析女孩儿独特的个性特征与心理特征,介绍塑造女孩完美人格的99个智囊,解决99个家教难题。 | |
| 606 | 0 | @a女性@x儿童教育@x家庭教育 |
| 690 | @aG780@v5 | |
| 701 | 0 | @a尹莉莉@9yin li li@4著 |
| 801 | 0 | @aCN@b江苏凤凰@c20191020 |
| 905 | @b1220632-5@dG780@e1116@f4 | |
| 培养出色的女孩:优秀女孩是这样教出来的/尹莉莉著.-哈尔滨:黑龙江科学技术出版社,2015 |
| 253页;24cm |
| ISBN 978-7-5388-8462-3:CNY29.80 |
| 本书用大量真实的教育事例,展示生活中各种各样的教育细节,分析女孩儿独特的个性特征与心理特征,介绍塑造女孩完美人格的99个智囊,解决99个家教难题。 |
| ● |
| 相关链接 |
|
|
|
|
正题名:培养出色的女孩
索取号:G780/1116
 
预约/预借
| 序号 | 登录号 | 条形码 | 馆藏地/架位号 | 状态 | 备注 |
| 1 | 1220632 | 212206325 | 第一样本阅览室/ [索取号:G780/1116] | 在馆 | |
| 2 | 1220633 | 212206334 | 教育系资料室/ [索取号:G780/1116] | 在馆 | |
| 3 | 1220634 | 212206343 | 教育系资料室/ [索取号:G780/1116] | 在馆 | |
| 4 | 1220635 | 212206352 | 第四借阅区/ [索取号:G780/1116] | 在馆 |